|
|
|
|
| LEADER |
01508nam a2200385 a 4500 |
| 001 |
EBC1209342 |
| 003 |
MiAaPQ |
| 005 |
20200520144314.0 |
| 006 |
m o d | |
| 007 |
cr cn||||||||| |
| 008 |
130717s2012 gw sb 000 0 ger d |
| 020 |
|
|
|z 9783868381689
|
| 020 |
|
|
|z 9783110322309
|
| 020 |
|
|
|z 9783110322729 (e-book)
|
| 035 |
|
|
|a (MiAaPQ)EBC1209342
|
| 035 |
|
|
|a (Au-PeEL)EBL1209342
|
| 035 |
|
|
|a (CaPaEBR)ebr10728638
|
| 035 |
|
|
|a (CaONFJC)MIL503446
|
| 035 |
|
|
|a (OCoLC)851971927
|
| 040 |
|
|
|a MiAaPQ
|c MiAaPQ
|d MiAaPQ
|
| 050 |
|
4 |
|a BD175
|b .B88 2012
|
| 100 |
1 |
|
|a Buter, Anke.
|
| 245 |
1 |
4 |
|a Das Wertfreiheitsideal in der sozialen Erkenntnistheorie
|h [electronic resource] :
|b Objektivitat, Pluralismus und das Beispiel Frauengesundheitsforschung /
|c Anke Buter.
|
| 260 |
|
|
|a Frankfurt :
|b Ontos Verlag,
|c 2012.
|
| 300 |
|
|
|a 312 p.
|
| 490 |
1 |
|
|a Epistemische Studien : Schriften zur Erkenntnis- und Wissenschaftstheorie ;
|v Bd. 27
|
| 504 |
|
|
|a Includes bibliographical references.
|
| 533 |
|
|
|a Electronic reproduction. Ann Arbor, MI : ProQuest, 2015. Available via World Wide Web. Access may be limited to ProQuest affiliated libraries.
|
| 650 |
|
0 |
|a Social epistemology.
|
| 650 |
|
0 |
|a Women
|x Health and hygiene.
|
| 650 |
|
0 |
|a Liberty.
|
| 655 |
|
4 |
|a Electronic books.
|
| 710 |
2 |
|
|a ProQuest (Firm)
|
| 830 |
|
0 |
|a Epistemische Studien (Frankfurt am Main, Germany) ;
|v Bd. 27.
|
| 856 |
4 |
0 |
|u https://ebookcentral.proquest.com/lib/matrademy/detail.action?docID=1209342
|z Click to View
|